Normal view
MARC view
- O'Casey Sean
Entry Topical Term
001 - CONTROL NUMBER
- control field: 5455
003 - CONTROL NUMBER IDENTIFIER
- control field: JO-AjAnu
005 - DATE AND TIME OF LATEST TRANSACTION
- control field: 20230606071203.0
008 - FIXED-LENGTH DATA ELEMENTS
- fixed length control field: 230606|| aca||aabn | a|a d
040 ## - CATALOGING SOURCE
- Original cataloging agency: JO-AjAnu
- Transcribing agency: JO-AjAnu
150 ## - HEADING--TOPICAL TERM
- Topical term or geographic name entry element: O'Casey Sean
670 ## - SOURCE DATA FOUND
- Source citation: Work cat.: (JO-AjAnu)2817: Edited Kilroy ,Thomas, author 5454, Sean O,casey :A Collection of Critical Essays